Basics of network security, firewalls and VPNs / (Record no. 62023)
[ view plain ]
| 000 -LEADER | |
|---|---|
| fixed length control field | 00394nam a22001337a 4500 |
| 005 - DATE AND TIME OF LATEST TRANSACTION | |
| control field | 20181218111000.0 |
| 020 ## - INTERNATIONAL STANDARD BOOK NUMBER | |
| International Standard Book Number | 8120324102 |
| Terms of availability | 195.00 |
| 035 ## - SYSTEM CONTROL NUMBER | |
| System control number | B-106633, B-106641,B-106639 |
| 245 ## - TITLE STATEMENT | |
| Title | Basics of network security, firewalls and VPNs / |
| 260 ## - PUBLICATION, DISTRIBUTION, ETC. (IMPRINT) | |
| Place of publication, distribution, etc | New Delhi |
| Name of publisher, distributor, etc | Prentice-Hall of India |
| Date of publication, distribution, etc | 2005 |
| 300 ## - PHYSICAL DESCRIPTION | |
| Extent | xi, 294p. |
| Dimensions | 22 cms. |
| 942 ## - ADDED ENTRY ELEMENTS (KOHA) | |
| Source of classification or shelving scheme | Dewey Decimal Classification |
| Item type | English Books |
| Classification part | 005.8 |
| Call number suffix | BAS |
| Withdrawn status | Lost status | Not for loan | Collection code | Home library | Current library | Date acquired | Cost, normal purchase price | Full call number | Barcode | Cost, replacement price | Koha item type | Source of acquisition |
|---|---|---|---|---|---|---|---|---|---|---|---|---|
| Non-fiction | Sarojini Nagar | Sarojini Nagar | 06/02/2012 | 195.00 | 005.8 BAS | B-106633 | 195.00 | English Books | ||||
| Non-fiction | Shahdara Branch | Shahdara Branch | 30/11/2018 | 195.00 | 005.8 BAS | B-106639 | 195.00 | English Books | BPPD/PUB | |||
| Non-fiction | Vigyan Vihar | Vigyan Vihar | 22/11/2018 | 195.00 | 005.8 BAS | B-106641 | 195.00 | English Books | BPPD/PUB | |||
| Non-fiction | Yojana Vihar | Yojana Vihar | 10/07/2019 | 195.00 | 005.8 BAS | B-106640 | 195.00 | English Books | BPPD/PUB |
